MARC

LEADER 00000nam0a2200000 4500
001 251706
005 20231101232700.0
035 |a (RuTPU)RU\TPU\book\274014 
090 |a 251706 
100 |a 20140224d1988 k y0rusy50 ca 
101 0 |a rus 
102 |a RU 
105 |a ab z 001zy 
200 1 |a Природные битумы северо-востока Сибирской платформы  |f В. А. Каширцев  |g Академия наук СССР (АН СССР), Сибирское отделение (СО), Якутский филиал (ЯФ), Институт геологии 
210 |a Якутск  |c Изд-во Якутский филиал Изд-ва СО РАН  |d 1988 
215 |a 104 с.  |c ил. 
320 |a Библиогр.: с. 100-102. 
606 1 |a Битумы  |x Месторождения  |2 stltpush  |3 (RuTPU)RU\TPU\subj\28820  |9 52297 
610 1 |a геология 
610 1 |a месторождения 
610 1 |a природные битумы 
610 1 |a Сибирская платформа 
675 |a 553.983  |v 3 
700 1 |a Каширцев  |b В. А.  |g Владимир Аркадьевич 
712 0 2 |a Академия наук СССР (АН СССР)  |b Сибирское отделение (СО)  |b Якутский филиал (ЯФ)  |b Институт геологии  |c (Якутск)  |2 stltpush  |3 (RuTPU)RU\TPU\col\8181 
801 1 |a RU  |b 63413507  |c 20140224 
801 2 |a RU  |b 63413507  |c 20221024  |g RCR 
942 |c BK